Countries of the World in 1930 - Statistics

General Stats
  • This quiz has been taken 498 times
  • The average score is 55 of 71
Answer Stats
Answer % Correct
United States
95%
United Kingdom
94%
Canada
93%
China
92%
Germany
92%
Brazil
91%
Mexico
91%
Soviet Union
91%
France
89%
Japan
88%
Spain
86%
Sweden
86%
Argentina
85%
Chile
85%
Colombia
85%
Finland
85%
Norway
85%
Poland
85%
Yugoslavia
85%
Australia
84%
Denmark
84%
Panama
84%
Peru
84%
Portugal
84%
Austria
83%
Cuba
83%
Italy
83%
Turkey
83%
Greece
82%
Ireland
82%
New Zealand
82%
Paraguay
82%
Venezuela
82%
Belgium
81%
Netherlands
81%
Romania
81%
Uruguay
81%
Guatemala
80%
Hungary
80%
Bolivia
79%
Ecuador
79%
Ethiopia
79%
Honduras
79%
Luxembourg
79%
Costa Rica
78%
El Salvador
78%
Switzerland
78%
Andorra
77%
Czechoslovakia
77%
Haiti
77%
Iran
77%
Bulgaria
76%
Liechtenstein
75%
Nicaragua
75%
Dominican Republic
74%
San Marino
74%
Vatican City
74%
Estonia
72%
Latvia
72%
Thailand
72%
Albania
71%
Lithuania
71%
Hejaz and Nejd
70%
Liberia
70%
Mongolia
70%
Monaco
69%
Afghanistan
65%
Muscat and Oman
56%
Tibet
39%
Kuwait
26%
Tuva
11%
No matching quizzes found
Score Distribution
Percent of People with Each Score
Percentile by Number Answered
Your Score History
You have not taken this quiz